Normal view
MARC view
Entry Topical Term
001 - CONTROL NUMBER
- control field: 198271
003 - CONTROL NUMBER IDENTIFIER
- control field: OSt
005 - DATE AND TIME OF LATEST TRANSACTION
- control field: 20250207094509.0
008 - FIXED-LENGTH DATA ELEMENTS
- fixed length control field: 250207|| aca||aabn | a|a d
040 ## - CATALOGING SOURCE
- Original cataloging agency: OSt
- Transcribing agency: OSt
150 ## - HEADING--TOPICAL TERM
- Topical term or geographic name entry element: Konkani Poetry
670 ## - SOURCE DATA FOUND
- Source citation: Work cat.: (OSt): Uday Narasinha Mhambro 198269, Sopnnantlea Gamvachi Vatt, 2025